Strength of materials (Record no. 4143)

000 -LEADER
fixed length control field 00602nam a2200229 4500
001 - CONTROL NUMBER
control field 4143
003 - CONTROL NUMBER IDENTIFIER
control field BD-DhUET
008 - FIXED-LENGTH DATA ELEMENTS--GENERAL INFORMATION
fixed length control field 0
020 ## - INTERNATIONAL STANDARD BOOK NUMBER
International Standard Book Number 0070702977
040 ## - CATALOGING SOURCE
Transcribing agency 0
Modifying agency BD-DhUET
082 ## - DEWEY DECIMAL CLASSIFICATION NUMBER
Classification number 620.112
Item number WIL/1981
100 ## - MAIN ENTRY--PERSONAL NAME
Personal name Willems, Nicholas
245 ## - TITLE STATEMENT
Title Strength of materials
Statement of responsibility, etc. by Nicholas Willems, John T. Easley and Stanley T. Rolfe
250 ## - EDITION STATEMENT
Edition statement 1st ed.
260 ## - PUBLICATION, DISTRIBUTION, ETC. (IMPRINT)
Place of publication, distribution, etc. New York
Name of publisher, distributor, etc. McGraw-Hill
Date of publication, distribution, etc. 1981
300 ## - PHYSICAL DESCRIPTION
Extent xviii, 508 p.
Other physical details ill.
Dimensions 12 cm.
504 ## - BIBLIOGRAPHY, ETC. NOTE
Bibliography, etc Includes bibliographies
650 #0 - SUBJECT ADDED ENTRY--TOPICAL TERM
Topical term or geographic name as entry element Strength of materials
700 ## - ADDED ENTRY--PERSONAL NAME
Personal name Easley, John T.
700 ## - ADDED ENTRY--PERSONAL NAME
Personal name Rolfe, Stanley T.
942 ## - ADDED ENTRY ELEMENTS (KOHA)
Koha item type General Book
Holdings
Koha issues (times borrowed) Location (home branch) Koha date last seen Lost status Piece designation (barcode) Koha date last borrowed Copy number Damaged status Koha item type Koha normalized classification for sorting Withdrawn status Not for loan Koha full call number Date acquired Source of classification or shelving scheme Koha out on loan Price effective from Shelving location Sublocation or collection (holding branch)
1Central Library, BUET2018-12-18 798492018-11-061 General Book620_112000000000000_WIL_1981  620.112/WIL/19812014-11-12  2014-11-12Circulation sectionCentral Library, BUET
1Central Library, BUET2019-04-24 798502018-12-222 General Book620_112000000000000_WIL_1981  620.112/WIL/19812014-11-12  2014-11-12Circulation sectionCentral Library, BUET
 Central Library, BUET2014-11-12 79853 3 General Book620_000000000000000_112WIL1981  620.112/WIL/19812014-11-12  2014-11-12Circulation sectionCentral Library, BUET
 Central Library, BUET2014-11-12 81408 4 General Book620_000000000000000_112WIL1981  620.112/WIL/19812014-11-12  2014-11-12Circulation sectionCentral Library, BUET
2Central Library, BUET2021-12-07 798522021-11-295 General Book620_000000000000000_112WIL1981  620.112/WIL/19812014-11-12  2014-11-12Circulation sectionCentral Library, BUET
1Central Library, BUET2025-12-08 795802025-12-086 General Book620_000000000000000_112WIL1981  620.112/WIL/19812014-11-12 2025-12-222014-11-12Circulation sectionCentral Library, BUET
 Central Library, BUET2014-11-12 81410 7 General Book620_000000000000000_112WIL1981  620.112/WIL/19812014-11-12  2014-11-12Circulation sectionCentral Library, BUET
1Central Library, BUET2023-07-18 798512023-07-088 General Book620_000000000000000_112WIL1981  620.112/WIL/19812014-11-12  2014-11-12Circulation sectionCentral Library, BUET
 Central Library, BUET2014-11-12 81409 9 General Book620_112000000000000_WIL_1981  620.112/WIL/19812014-11-12  2014-11-12Circulation sectionCentral Library, BUET
 Central Library, BUET2015-02-04 79581  10 General Book620_112000000000000_WIL_1981  620.112/WIL/19812015-02-04  2015-02-04Circulation sectionCentral Library, BUET